Normal view
MARC view
- Dua Satish Gen LT
Entry Personal Name
001 - CONTROL NUMBER
- control field: 7717
003 - CONTROL NUMBER IDENTIFIER
- control field: OSt
005 - DATE AND TIME OF LATEST TRANSACTION
- control field: 20231013090245.0
008 - FIXED-LENGTH DATA ELEMENTS
- fixed length control field: 231013|| aca||aabn | a|a d
040 ## - CATALOGING SOURCE
- Original cataloging agency: OSt
- Transcribing agency: OSt
100 ## - HEADING--PERSONAL NAME
- Personal name: Dua Satish Gen LT
670 ## - SOURCE DATA FOUND
- Source citation: Work cat.: (OSt)12450: Dua Satish Gen LT, Untold Stories From the Indian Army, 2020